| 000 | 00809nam a22001937a 4500 | ||
|---|---|---|---|
| 999 |
_c6853 _d6853 |
||
| 003 | AR-CdUCM | ||
| 008 | 190319b ||||| |||| 00| 0 spa d | ||
| 040 |
_aMUNICIPALIDAD PROVINCIAL DEL CUSCO _cBIBLIOTECA MUNICIPAL DEL CUSCO |
||
| 082 |
_a540 / _bAL44 |
||
| 100 |
_aAlmagro Huertas, V. _919306 |
||
| 245 | _aPolarografía / | ||
| 260 |
_aEspaña : _bAlhambra ; _c1971. |
||
| 300 |
_a253 páginas ; _bIlustraciones, fotografías, tablas, diagramas, fórmulas _c20cm |
||
| 440 |
_aColección Exedra - Ciencia Técnica Ingeniería _n74 _919307 |
||
| 505 | _aContenido: Conceptos fundamentales -- Técnicas experimentales -- Técnicas de análisis químico -- Aplicaciones químico analíticas -- Aplicaciones de química física | ||
| 650 |
_aFísico-química _919267 |
||
| 942 |
_2ddc _cLIBROS |
||
| 945 | _anom | ||